zpět

Detail výsledku týmu

Barcelounoc - Vinohrady, Praha

Datum a čas kvízu

44 Celkem bodů Celkový počet nahraných bodů na tomto kvízu bez doplňovacích otázek.
1. Pořadí na kvízu Konečné umístění týmu na tomto kvízu.

Zaznamenané odpovědi

# Otázka Odpověď Body Výsledky
1. Brňané vybrali v anketě pořáda... 1
2. Ve středu byla odhalena nejvyš... 1
3. Někteří rockoví dinosauři žijí... 0
4. Rodící se největší pojišťovna... 0
5. Hřiště ve Wembley bylo při pon... 0
6. Pokud jste na titulní otázku o... 1
7. Americký herec Tobin Bell byl... 1
5. Film Osvícení vznikl v roce 19... 1
5. Filmová série Resident Evil je... 0
10. Shaun je hospodský povaleč, co... 1